Name the Language - Statistics

General Stats
  • This quiz has been taken 27 times
  • The average score is 12 of 15
Answer Stats
Hint Answer % Correct
Venezuela Spanish
100%
Egypt Arabic
96%
Belize English
96%
Italy Italian
96%
Ukraine Ukrainian
93%
Estonia Estonian
89%
India Hindi
89%
Croatia Croatian
85%
Finland Finnish
85%
Mali French
78%
Tajikistan Tajik
70%
Azerbaijan Azerbaijani
63%
Suriname Dutch
59%
South Africa Zulu
48%
Papua New Guinea Tok Pisin (Creole)
33%
No matching quizzes found
Score Distribution
Percent of People with Each Score
Percentile by Number Answered
Your Score History
You have not taken this quiz